Introducción a la literatura medieval española
Đã lưu trong:
| Tác giả chính: | |
|---|---|
| Định dạng: | Sách |
| Ngôn ngữ: | Tiếng Tây Ban Nha |
| Được phát hành: |
Madrid
Gredos
1952
|
| Loạt: | Biblioteca Romanica Hispanica. Manuales
|
| Những chủ đề: | |
| Các nhãn: |
Thêm thẻ
Không có thẻ, Là người đầu tiên thẻ bản ghi này!
|
MARC
| LEADER | 00000nam a2200000 a 4500 | ||
|---|---|---|---|
| 001 | UCX4908 | ||
| 003 | CL-VaPUC | ||
| 008 | 920812e19520000SP |||||||||||||||||spa|d | ||
| 082 | 0 | 4 | |a 860.9 |b LOP |2 21 |
| 100 | |a López Estrada, Francisco |e autor |9 468354 | ||
| 245 | 1 | 0 | |a Introducción a la literatura medieval española |
| 300 | |a 175 p | ||
| 942 | |c BK | ||
| 945 | |d 19920812 00:00:00 | ||
| 260 | |a Madrid |b Gredos |c 1952 | ||
| 650 | 0 | |a Literatura española |9 306261 | |
| 650 | 7 | |a HISTORIA Y CRITICA HASTA 1500 |2 CL-VaPUC |9 321202 | |
| 583 | |a last modification |c 19920812 00:00:00 |k Rodrigo Vera | ||
| 490 | 0 | |a Biblioteca Romanica Hispanica. Manuales | |
| 999 | |c 225280 |d 225278 | ||
| 952 | |0 0 |1 0 |4 0 |6 860_900000000000000_LOP_1952 |7 0 |8 A |9 222667 |a BIBEDU |b BIBEDU |d 2019-11-15 |i 291462K |o 860.9 LOP 1952 |p 291462K |r 2019-11-15 |w 2019-11-15 |y BK |k LIT | ||
| 952 | |0 0 |1 0 |4 0 |6 860_900000000000000_LOP_1952 |7 0 |8 A |9 222668 |a BIBEDU |b BIBEDU |d 2019-11-15 |i 3270742 |o 860.9 LOP 1952 |p 3270742 |r 2019-11-15 |w 2019-11-15 |y BK |k LIT | ||
| 952 | |0 0 |1 0 |4 0 |6 860_900000000000000_LOP_1952 |7 0 |8 A |9 222669 |a BIBEDU |b BIBEDU |d 2019-11-15 |i 3296504 |o 860.9 LOP 1952 |p 3296504 |r 2019-11-15 |w 2019-11-15 |y BK |k LIT | ||